[Event "Russian Blitz Championship (m)"]
[Site "Sochi"]
[Date "2022.10.14"]
[Round "2.10"]
[White "Savchenko, Boris"]
[Black "Kalegin, Evgenij"]
[Result "1-0"]
[BlackElo "2291"]
[WhiteElo "2530"]
[LiveChessVersion "1.4.8"]

1. c4 {[%clk 0:03:01]} Nf6 {[%clk 0:02:59]} 2. g3 {[%clk 0:03:01]} g6
{[%clk 0:02:58]} 3. Bg2 Bg7 4. d4 {[%clk 0:03:02]} O-O {[%clk 0:03:00]} 5. Nf3
{[%clk 0:03:02]} d6 {[%clk 0:03:01]} 6. O-O {[%clk 0:03:01]} Nbd7
{[%clk 0:03:03]} 7. Nc3 {[%clk 0:03:01]} e5 {[%clk 0:03:03]} 8. Qc2
{[%clk 0:03:01]} Re8 {[%clk 0:02:53]} 9. h3 {[%clk 0:03:00]} c6 {[%clk 0:02:48]}
10. e4 {[%clk 0:02:55]} a5 {[%clk 0:02:32]} 11. Be3 {[%clk 0:02:50]} a4
{[%clk 0:02:27]} 12. dxe5 {[%clk 0:02:45]} dxe5 {[%clk 0:02:28]} 13. Nxa4
{[%clk 0:02:30]} Nxe4 {[%clk 0:02:12]} 14. Rad1 {[%clk 0:02:10]} Qa5
{[%clk 0:01:48]} 15. b3 {[%clk 0:02:05]} Ndc5 {[%clk 0:01:33]} 16. Nd2
{[%clk 0:01:44]} Nxd2 {[%clk 0:00:42]} 17. Bxd2 {[%clk 0:01:43]} Bf5
{[%clk 0:00:21]} 18. Qc1 {[%clk 0:00:44]} Nd3 {[%clk 0:00:21]} 19. Qb1
{[%clk 0:00:41]} Qc7 {[%clk 0:00:16]} 20. g4 {[%clk 0:00:39]} Nxf2
{[%clk 0:00:13]} 21. gxf5 {[%clk 0:00:39]} Nxd1 {[%clk 0:00:14]} 22. Qe4
{[%clk 0:00:03]} Rad8 {[%clk 0:00:11]} 23. Rxd1 {[%clk 0:00:04]} Rd4
{[%clk 0:00:12]} 24. Qe1 {[%clk 0:00:05]} Red8 {[%clk 0:00:11]} 25. Nc3
{[%clk 0:00:05]} e4 {[%clk 0:00:08]} 26. fxg6 {[%clk 0:00:06]} hxg6
{[%clk 0:00:08]} 27. Be3 {[%clk 0:00:06]} Rxd1 {[%clk 0:00:08]} 28. Nxd1
{[%clk 0:00:07]} Qe5 {[%clk 0:00:09]} 29. Bb6 {[%clk 0:00:07]} Re8
{[%clk 0:00:06]} 30. Nf2 {[%clk 0:00:06]} e3 {[%clk 0:00:07]} 31. Ng4
{[%clk 0:00:06]} Qf4 {[%clk 0:00:06]} 32. Qe2 {[%clk 0:00:04]} Bd4
{[%clk 0:00:05]} 33. Bxd4 {[%clk 0:00:03]} Qxd4 {[%clk 0:00:06]} 34. Nh2
{[%clk 0:00:04]} Qd2 {[%clk 0:00:07]} 35. Bf1 {[%clk 0:00:04]} Rd8
{[%clk 0:00:08]} 36. Nf3 {[%clk 0:00:05]} Qxe2 {[%clk 0:00:08]} 37. Bxe2
{[%clk 0:00:06]} f5 {[%clk 0:00:10]} 38. h4 {[%clk 0:00:06]} Kg7 {[%clk 0:00:05]}
39. b4 {[%clk 0:00:05]} Kf6 {[%clk 0:00:06]} 40. a4 {[%clk 0:00:06]} Re8
{[%clk 0:00:04]} 41. a5 {[%clk 0:00:07]} Re4 {[%clk 0:00:04]} 42. Kf1
{[%clk 0:00:07]} Rf4 {[%clk 0:00:05]} 43. Ke1 {[%clk 0:00:08]} Rg4
{[%clk 0:00:06]} 44. Kd1 {[%clk 0:00:08]} Rg2 {[%clk 0:00:07]} 45. b5
{[%clk 0:00:09]} cxb5 {[%clk 0:00:08]} 46. cxb5 {[%clk 0:00:10]} Ke7
{[%clk 0:00:09]} 47. a6 {[%clk 0:00:10]} bxa6 {[%clk 0:00:10]} 48. bxa6
{[%clk 0:00:11]} Rg4 {[%clk 0:00:11]} 49. Bb5 {[%clk 0:00:08]} Rb4
{[%clk 0:00:09]} 50. Bc6 {[%clk 0:00:06]} Rb1+ {[%clk 0:00:09]} 51. Ke2
{[%clk 0:00:07]} Ra1 {[%clk 0:00:10]} 52. Bb7 {[%clk 0:00:04]} f4
{[%clk 0:00:11]} 53. Nd4 {[%clk 0:00:04]} Ra2+ {[%clk 0:00:12]} 54. Kf3
{[%clk 0:00:06]} Ra4 {[%clk 0:00:12]} 55. a7 {[%clk 0:00:05]} e2 {[%clk 0:00:11]}
56. Kxe2 {[%clk 0:00:05]} Ra2+ {[%clk 0:00:12]} 57. Kf3 {[%clk 0:00:06]} Rxa7
{[%clk 0:00:12]} 58. Nc6+ {[%clk 0:00:07]} Kd6 {[%clk 0:00:13]} 59. Nxa7
{[%clk 0:00:07]} Ke5 {[%clk 0:00:14]} 60. Be4 {[%clk 0:00:08]} Kf6
{[%clk 0:00:15]} 61. Kxf4 1-0

[Event "Russian Blitz Championship (m)"]
[Site "Sochi"]
[Date "2022.10.14"]
[Round "2.12"]
[White "Demidov, Mikhail"]
[Black "Dragomarezkij, Evgeni"]
[Result "1-0"]
[BlackElo "2283"]
[WhiteElo "2520"]
[LiveChessVersion "1.4.8"]

1. Nf3 c5 2. e3 {[%clk 0:02:59]} Nf6 {[%clk 0:03:03]} 3. d4 {[%clk 0:03:01]} cxd4
{[%clk 0:03:03]} 4. exd4 {[%clk 0:03:02]} d5 {[%clk 0:03:02]} 5. c4
{[%clk 0:03:03]} dxc4 {[%clk 0:02:51]} 6. Bxc4 {[%clk 0:03:03]} e6
{[%clk 0:02:53]} 7. Nc3 {[%clk 0:03:04]} Be7 {[%clk 0:02:54]} 8. O-O
{[%clk 0:03:04]} O-O {[%clk 0:02:55]} 9. Re1 {[%clk 0:03:05]} Nbd7
{[%clk 0:02:56]} 10. Bb3 {[%clk 0:02:51]} Nb6 {[%clk 0:02:56]} 11. Ne5
{[%clk 0:02:52]} Bd7 {[%clk 0:02:58]} 12. Re3 {[%clk 0:02:53]} Bc6
{[%clk 0:02:55]} 13. Bc2 {[%clk 0:02:29]} Nbd5 {[%clk 0:02:49]} 14. Rg3
{[%clk 0:02:26]} Nxc3 {[%clk 0:02:43]} 15. bxc3 {[%clk 0:02:26]} Be4
{[%clk 0:02:38]} 16. Bb3 {[%clk 0:02:05]} Bg6 {[%clk 0:02:26]} 17. Nxg6
{[%clk 0:01:55]} hxg6 {[%clk 0:02:26]} 18. c4 {[%clk 0:01:49]} e5
{[%clk 0:02:19]} 19. dxe5 {[%clk 0:01:45]} Qxd1+ {[%clk 0:02:19]} 20. Bxd1
{[%clk 0:01:46]} Ne4 {[%clk 0:02:17]} 21. Re3 {[%clk 0:01:41]} Ng5
{[%clk 0:02:04]} 22. Rd3 {[%clk 0:01:17]} Rac8 {[%clk 0:01:53]} 23. Bb3
{[%clk 0:01:07]} Ne6 {[%clk 0:01:47]} 24. Rd5 {[%clk 0:01:02]} Bc5
{[%clk 0:01:44]} 25. Kf1 {[%clk 0:00:58]} b6 {[%clk 0:01:40]} 26. g3
{[%clk 0:00:53]} Nc7 {[%clk 0:01:40]} 27. Rd7 {[%clk 0:00:53]} Rfd8
{[%clk 0:01:38]} 28. Rxd8+ {[%clk 0:00:45]} Rxd8 {[%clk 0:01:39]} 29. Bg5
{[%clk 0:00:45]} Re8 {[%clk 0:01:31]} 30. Re1 {[%clk 0:00:37]} Bd4
{[%clk 0:01:23]} 31. Bf4 {[%clk 0:00:35]} Ne6 {[%clk 0:01:21]} 32. Bc1
{[%clk 0:00:25]} g5 {[%clk 0:01:19]} 33. f4 {[%clk 0:00:21]} gxf4
{[%clk 0:01:18]} 34. gxf4 {[%clk 0:00:22]} g6 {[%clk 0:01:19]} 35. Rd1
{[%clk 0:00:19]} Kg7 {[%clk 0:01:17]} 36. Kg2 {[%clk 0:00:19]} Re7
{[%clk 0:01:13]} 37. Kf3 {[%clk 0:00:18]} Rc7 {[%clk 0:01:11]} 38. h4
{[%clk 0:00:18]} Rc8 {[%clk 0:01:05]} 39. h5 {[%clk 0:00:13]} Rh8
{[%clk 0:01:06]} 40. hxg6 {[%clk 0:00:14]} Kxg6 {[%clk 0:00:56]} 41. Bc2+
{[%clk 0:00:13]} Kg7 {[%clk 0:00:57]} 42. f5 {[%clk 0:00:14]} Bxe5
{[%clk 0:00:15]} 43. fxe6 {[%clk 0:00:15]} fxe6 {[%clk 0:00:16]} 44. Bg5
{[%clk 0:00:15]} Rh3+ {[%clk 0:00:13]} 45. Ke4 {[%clk 0:00:14]} Bf6
{[%clk 0:00:10]} 46. Rd7+ {[%clk 0:00:10]} Kg6 {[%clk 0:00:11]} 47. Kf4+
{[%clk 0:00:11]} Kf7 48. Rd5 1-0

[Event "Russian Blitz Championship (m)"]
[Site "Sochi"]
[Date "2022.10.14"]
[Round "2.13"]
[White "Klukin, Kirill"]
[Black "Ponkratov, Pavel"]
[Result "0-1"]
[BlackElo "2515"]
[WhiteElo "2290"]
[LiveChessVersion "1.4.8"]

1. d4 {[%clk 0:03:03]} Nf6 {[%clk 0:03:03]} 2. c4 {[%clk 0:03:04]} d5
{[%clk 0:03:03]} 3. Nc3 {[%clk 0:03:02]} Bf5 {[%clk 0:02:46]} 4. Nf3
{[%clk 0:02:45]} e6 {[%clk 0:02:45]} 5. cxd5 {[%clk 0:02:24]} exd5
{[%clk 0:02:46]} 6. Bg5 {[%clk 0:02:25]} c6 {[%clk 0:02:42]} 7. e3
{[%clk 0:02:25]} Nbd7 {[%clk 0:02:42]} 8. Bd3 {[%clk 0:02:21]} Bg6
{[%clk 0:02:40]} 9. O-O {[%clk 0:02:22]} Be7 {[%clk 0:02:37]} 10. h3
{[%clk 0:02:20]} O-O {[%clk 0:02:36]} 11. Bxg6 {[%clk 0:02:20]} hxg6
{[%clk 0:02:36]} 12. Qc2 {[%clk 0:02:22]} Re8 {[%clk 0:02:36]} 13. Rab1
{[%clk 0:02:19]} a5 {[%clk 0:02:36]} 14. Bf4 {[%clk 0:02:11]} Nf8
{[%clk 0:02:28]} 15. Ne5 {[%clk 0:02:10]} N6d7 {[%clk 0:02:13]} 16. Nd3
{[%clk 0:02:08]} Ne6 {[%clk 0:02:03]} 17. Bg3 {[%clk 0:02:09]} Nb6
{[%clk 0:02:01]} 18. Ne5 {[%clk 0:02:05]} Bd6 {[%clk 0:01:55]} 19. f4
{[%clk 0:02:04]} Bxe5 {[%clk 0:01:45]} 20. fxe5 {[%clk 0:02:02]} c5
{[%clk 0:01:38]} 21. Nb5 {[%clk 0:01:50]} Nc4 {[%clk 0:01:39]} 22. Qd3
{[%clk 0:01:49]} a4 {[%clk 0:01:32]} 23. b3 {[%clk 0:01:38]} axb3
{[%clk 0:01:33]} 24. axb3 {[%clk 0:01:39]} Na3 {[%clk 0:01:34]} 25. Nd6
{[%clk 0:01:19]} Qg5 {[%clk 0:01:33]} 26. Bf4 {[%clk 0:01:17]} Qe7
{[%clk 0:01:18]} 27. Ra1 {[%clk 0:01:17]} Rf8 {[%clk 0:01:19]} 28. dxc5
{[%clk 0:01:11]} Nxc5 {[%clk 0:01:10]} 29. Qxd5 {[%clk 0:01:12]} Ne6
{[%clk 0:01:11]} 30. Ra2 {[%clk 0:01:09]} b6 {[%clk 0:00:52]} 31. Rfa1
{[%clk 0:01:04]} Ra5 {[%clk 0:00:54]} 32. Rxa3 {[%clk 0:00:59]} 0-1

[Event "Russian Blitz Championship (m)"]
[Site "Sochi"]
[Date "2022.10.14"]
[Round "2.14"]
[White "Dzhumagaliev, Yan"]
[Black "Timerkhanov, Alexander"]
[Result "0-1"]
[BlackElo "2272"]
[WhiteElo "2507"]
[LiveChessVersion "1.4.8"]

1. h4 {[%clk 0:03:04]} d5 {[%clk 0:03:01]} 2. h5 {[%clk 0:03:05]} h6
{[%clk 0:03:01]} 3. d4 {[%clk 0:03:06]} Nf6 {[%clk 0:03:01]} 4. Nf3
{[%clk 0:03:07]} Bf5 {[%clk 0:02:57]} 5. c4 {[%clk 0:03:09]} c6 {[%clk 0:02:54]}
6. Qb3 {[%clk 0:03:09]} Qb6 {[%clk 0:02:55]} 7. Nc3 {[%clk 0:03:08]} e6
{[%clk 0:02:34]} 8. c5 {[%clk 0:03:09]} Qc7 {[%clk 0:02:17]} 9. Bf4
{[%clk 0:03:10]} Qc8 {[%clk 0:02:18]} 10. e3 {[%clk 0:03:05]} Nbd7
{[%clk 0:02:18]} 11. Be2 {[%clk 0:03:00]} Bg4 {[%clk 0:02:17]} 12. Ne5
{[%clk 0:02:49]} Bxe2 {[%clk 0:02:15]} 13. Nxe2 {[%clk 0:02:41]} Nxe5
{[%clk 0:02:16]} 14. Bxe5 {[%clk 0:02:41]} Nd7 {[%clk 0:02:00]} 15. Bg3
{[%clk 0:02:41]} b6 {[%clk 0:01:50]} 16. cxb6 {[%clk 0:02:39]} axb6
{[%clk 0:01:51]} 17. O-O {[%clk 0:02:35]} Be7 {[%clk 0:01:43]} 18. Rfc1
{[%clk 0:02:36]} Qb7 {[%clk 0:01:43]} 19. a4 {[%clk 0:02:37]} O-O
{[%clk 0:01:34]} 20. Nf4 {[%clk 0:02:31]} c5 {[%clk 0:01:26]} 21. a5
{[%clk 0:01:51]} Ra6 {[%clk 0:01:13]} 22. Qb5 {[%clk 0:01:18]} Rfa8
{[%clk 0:01:09]} 23. b4 {[%clk 0:01:19]} c4 {[%clk 0:01:00]} 24. e4
{[%clk 0:01:09]} Nf6 {[%clk 0:00:45]} 25. exd5 {[%clk 0:00:53]} exd5
{[%clk 0:00:47]} 26. Re1 {[%clk 0:00:48]} Bf8 {[%clk 0:00:48]} 27. Re5
{[%clk 0:00:36]} Bd6 {[%clk 0:00:49]} 28. Rf5 {[%clk 0:00:37]} Bxf4
{[%clk 0:00:49]} 29. Bxf4 {[%clk 0:00:32]} Qc8 {[%clk 0:00:49]} 30. Rxf6
{[%clk 0:00:24]} gxf6 {[%clk 0:00:51]} 31. Ra3 {[%clk 0:00:25]} Qf5
{[%clk 0:00:46]} 32. Rg3+ {[%clk 0:00:17]} Kh7 {[%clk 0:00:46]} 33. Bc7
{[%clk 0:00:15]} bxa5 {[%clk 0:00:45]} 34. bxa5 {[%clk 0:00:16]} Re6
{[%clk 0:00:43]} 35. Qb4 {[%clk 0:00:11]} Rg8 {[%clk 0:00:31]} 36. Rxg8
{[%clk 0:00:11]} Kxg8 {[%clk 0:00:32]} 37. Bb6 {[%clk 0:00:09]} Qd3
{[%clk 0:00:31]} 38. Bc7 {[%clk 0:00:06]} c3 {[%clk 0:00:31]} 39. Bf4
{[%clk 0:00:06]} c2 {[%clk 0:00:32]} 40. Kh2 {[%clk 0:00:08]} Re4
{[%clk 0:00:30]} 41. Be3 {[%clk 0:00:08]} Rxe3 {[%clk 0:00:30]} 42. Qb8+
{[%clk 0:00:09]} Kg7 {[%clk 0:00:31]} 43. fxe3 {[%clk 0:00:10]} c1=Q
{[%clk 0:00:31]} 44. Qg3+ {[%clk 0:00:11]} Kh7 {[%clk 0:00:32]} 0-1

[Event "Russian Blitz Championship (m)"]
[Site "Sochi"]
[Date "2022.10.14"]
[Round "2.15"]
[White "Raetsky, Alexander"]
[Black "Kezin, Roman"]
[Result "1/2-1/2"]
[BlackElo "2503"]
[WhiteElo "2284"]
[LiveChessVersion "1.4.8"]

1. d4 {[%clk 0:03:02]} d5 {[%clk 0:03:03]} 2. c4 {[%clk 0:03:03]} e6
{[%clk 0:03:04]} 3. Nf3 {[%clk 0:03:03]} Nf6 {[%clk 0:03:05]} 4. g3
{[%clk 0:03:04]} Be7 {[%clk 0:03:03]} 5. Bg2 {[%clk 0:03:05]} O-O
{[%clk 0:03:04]} 6. O-O {[%clk 0:03:06]} dxc4 {[%clk 0:03:03]} 7. Ne5
{[%clk 0:03:05]} c5 {[%clk 0:03:03]} 8. dxc5 {[%clk 0:03:01]} Qc7
{[%clk 0:03:03]} 9. Nxc4 {[%clk 0:02:51]} Rd8 {[%clk 0:03:00]} 10. Bf4
{[%clk 0:02:10]} Qxc5 {[%clk 0:02:39]} 11. Qb3 {[%clk 0:02:06]} Nc6
{[%clk 0:02:37]} 12. Nc3 {[%clk 0:01:31]} Nd4 {[%clk 0:01:43]} 13. Qa4
{[%clk 0:01:07]} Bd7 {[%clk 0:01:03]} 14. Qa3 {[%clk 0:01:08]} Qxc4
{[%clk 0:00:44]} 15. Qxe7 {[%clk 0:01:08]} Bc6 {[%clk 0:00:44]} 16. Rfd1
{[%clk 0:00:41]} Rd7 {[%clk 0:00:36]} 17. Qa3 {[%clk 0:00:32]} Nc2
{[%clk 0:00:35]} 18. Qb3 {[%clk 0:00:19]} Qxb3 {[%clk 0:00:35]} 19. axb3
{[%clk 0:00:20]} Nxa1 {[%clk 0:00:36]} 20. Rxa1 {[%clk 0:00:22]} Bxg2 21. Kxg2
{[%clk 0:00:23]} Nd5 {[%clk 0:00:33]} 22. Be5 {[%clk 0:00:18]} f6
{[%clk 0:00:17]} 23. Nxd5 {[%clk 0:00:19]} Rxd5 {[%clk 0:00:18]} 24. Bc3
{[%clk 0:00:20]} a6 {[%clk 0:00:18]} 25. Ra4 {[%clk 0:00:15]} Rc8
{[%clk 0:00:17]} 26. f4 {[%clk 0:00:14]} Kf7 {[%clk 0:00:15]} 27. g4
{[%clk 0:00:14]} Rb5 {[%clk 0:00:11]} 28. b4 {[%clk 0:00:12]} Rd5
{[%clk 0:00:09]} 29. Ra1 {[%clk 0:00:12]} Rcd8 {[%clk 0:00:10]} 30. Rf1
{[%clk 0:00:12]} Rd1 {[%clk 0:00:10]} 31. Rf2 {[%clk 0:00:11]} Rc1
{[%clk 0:00:06]} 32. h4 {[%clk 0:00:10]} Rdd1 {[%clk 0:00:06]} 33. h5
{[%clk 0:00:10]} g6 {[%clk 0:00:04]} 34. hxg6+ {[%clk 0:00:08]} hxg6
{[%clk 0:00:05]} 35. g5 {[%clk 0:00:07]} Rg1+ {[%clk 0:00:04]} 36. Kf3
{[%clk 0:00:08]} fxg5 {[%clk 0:00:04]} 37. fxg5 {[%clk 0:00:08]} Rxg5
{[%clk 0:00:05]} 38. Ke4+ {[%clk 0:00:07]} Rf5 {[%clk 0:00:06]} 39. Rh2
{[%clk 0:00:09]} Rh5 {[%clk 0:00:04]} 40. Rf2+ {[%clk 0:00:10]} Ke7
{[%clk 0:00:04]} 41. Bf6+ {[%clk 0:00:09]} Ke8 {[%clk 0:00:04]} 42. Bc3
{[%clk 0:00:09]} Ke7 {[%clk 0:00:03]} 43. Bf6+ {[%clk 0:00:10]} Kd7
{[%clk 0:00:04]} 44. Bd4 {[%clk 0:00:10]} Rh4+ {[%clk 0:00:03]} 45. Ke3
{[%clk 0:00:11]} Rh3+ {[%clk 0:00:04]} 46. Ke4 {[%clk 0:00:12]} Rc4
{[%clk 0:00:05]} 47. e3 {[%clk 0:00:11]} Rh7 {[%clk 0:00:03]} 48. Rf6
{[%clk 0:00:12]} b5 {[%clk 0:00:04]} 49. Rxg6 {[%clk 0:00:13]} Re7
{[%clk 0:00:04]} 50. Kd3 {[%clk 0:00:13]} Rc6 {[%clk 0:00:05]} 51. Bc5
{[%clk 0:00:12]} Rh7 {[%clk 0:00:05]} 52. Rg8 {[%clk 0:00:10]} Rh5
{[%clk 0:00:04]} 53. Ra8 {[%clk 0:00:10]} e5 {[%clk 0:00:04]} 54. Ke4
{[%clk 0:00:10]} Rh4+ {[%clk 0:00:03]} 55. Kd5 {[%clk 0:00:11]} Rc7
{[%clk 0:00:03]} 56. Rxa6 {[%clk 0:00:12]} e4 {[%clk 0:00:04]} 57. Rd6+
{[%clk 0:00:12]} Kc8 {[%clk 0:00:05]} 58. Re6 {[%clk 0:00:13]} Rh5+
{[%clk 0:00:05]} 59. Kxe4 {[%clk 0:00:12]} Rh4+ 60. Kd5 {[%clk 0:00:11]} Rh5+
{[%clk 0:00:04]} 61. Kd4 {[%clk 0:00:12]} Rh2 {[%clk 0:00:04]} 62. Rb6
{[%clk 0:00:11]} Rb7 {[%clk 0:00:05]} 63. Rc6+ {[%clk 0:00:12]} Kd7
{[%clk 0:00:06]} 64. Rd6+ {[%clk 0:00:13]} Ke8 {[%clk 0:00:05]} 65. e4
{[%clk 0:00:13]} Rd2+ {[%clk 0:00:04]} 66. Ke5 {[%clk 0:00:14]} Rxd6
{[%clk 0:00:04]} 67. Kxd6 Kd8 {[%clk 0:00:04]} 68. Kc6 {[%clk 0:00:14]} Kc8
{[%clk 0:00:03]} 69. e5 {[%clk 0:00:15]} Rc7+ {[%clk 0:00:03]} 70. Kxb5
{[%clk 0:00:15]} Rh7 {[%clk 0:00:03]} 71. e6 {[%clk 0:00:16]} Rh6
{[%clk 0:00:03]} 72. e7 {[%clk 0:00:15]} Kd7 {[%clk 0:00:05]} 73. Ka5
{[%clk 0:00:14]} Rh8 {[%clk 0:00:06]} 74. b5 {[%clk 0:00:14]} Kc7
{[%clk 0:00:07]} 75. b6+ {[%clk 0:00:13]} Kc6 {[%clk 0:00:05]} 76. Kb4
{[%clk 0:00:10]} Rh4+ {[%clk 0:00:05]} 77. Kc3 {[%clk 0:00:11]} Rh8
{[%clk 0:00:04]} 78. b4 {[%clk 0:00:13]} Re8 {[%clk 0:00:04]} 79. Kd4
{[%clk 0:00:13]} Rh8 {[%clk 0:00:04]} 80. Ke5 {[%clk 0:00:15]} Kd7
{[%clk 0:00:04]} 81. Kf6 {[%clk 0:00:14]} Rb8 {[%clk 0:00:03]} 82. Kf7
{[%clk 0:00:14]} Re8 {[%clk 0:00:03]} 83. b7 {[%clk 0:00:15]} Rh8
{[%clk 0:00:03]} 84. Bd6 {[%clk 0:00:14]} Kxd6 {[%clk 0:00:03]} 85. e8=Q
{[%clk 0:00:14]} Rxe8 {[%clk 0:00:04]} 86. Kxe8 {[%clk 0:00:15]} Kc7
{[%clk 0:00:05]} 87. b8=Q+ {[%clk 0:00:09]} Kxb8 {[%clk 0:00:06]} 88. Kd7
{[%clk 0:00:11]} Kb7 {[%clk 0:00:08]} 89. Kd6 {[%clk 0:00:12]} 1/2-1/2

[Event "Russian Blitz Championship (m)"]
[Site "Sochi"]
[Date "2022.10.14"]
[Round "2.16"]
[White "Shomoev, Anton"]
[Black "Averin, Nikolay"]
[Result "1-0"]
[BlackElo "2268"]
[WhiteElo "2499"]
[LiveChessVersion "1.4.8"]

1. e4 {[%clk 0:03:02]} c5 {[%clk 0:03:03]} 2. Nf3 {[%clk 0:03:02]} d6
{[%clk 0:03:05]} 3. d4 {[%clk 0:03:04]} cxd4 {[%clk 0:03:06]} 4. Nxd4
{[%clk 0:03:04]} Nf6 {[%clk 0:03:07]} 5. Nc3 a6 6. Be3 {[%clk 0:03:06]} Nbd7
{[%clk 0:03:09]} 7. f3 {[%clk 0:02:53]} b5 {[%clk 0:02:50]} 8. Qd2
{[%clk 0:02:53]} Bb7 {[%clk 0:02:50]} 9. g4 {[%clk 0:02:50]} Nb6 {[%clk 0:02:40]}
10. a3 {[%clk 0:02:44]} e6 {[%clk 0:02:12]} 11. O-O-O {[%clk 0:02:31]} Be7
{[%clk 0:02:13]} 12. Rg1 {[%clk 0:02:12]} O-O {[%clk 0:01:09]} 13. Kb1
{[%clk 0:02:07]} Rc8 {[%clk 0:01:08]} 14. g5 {[%clk 0:01:32]} Nfd7
{[%clk 0:01:08]} 15. f4 {[%clk 0:01:33]} Qc7 {[%clk 0:00:44]} 16. f5
{[%clk 0:01:31]} Nc4 {[%clk 0:00:33]} 17. Bxc4 {[%clk 0:01:31]} Qxc4
{[%clk 0:00:34]} 18. f6 {[%clk 0:01:19]} Bd8 {[%clk 0:00:36]} 19. fxg7
{[%clk 0:01:19]} Re8 {[%clk 0:00:33]} 20. Nde2 {[%clk 0:00:44]} Ne5
{[%clk 0:00:16]} 21. Rgf1 {[%clk 0:00:45]} Be7 {[%clk 0:00:11]} 22. Ng3
{[%clk 0:00:42]} b4 {[%clk 0:00:08]} 23. axb4 {[%clk 0:00:42]} Qxb4
{[%clk 0:00:10]} 24. Nd5 {[%clk 0:00:37]} Qb5 {[%clk 0:00:04]} 25. Nxe7+
{[%clk 0:00:35]} Rxe7 {[%clk 0:00:05]} 26. Bd4 {[%clk 0:00:34]} Nc4
{[%clk 0:00:06]} 27. Qd3 {[%clk 0:00:32]} e5 {[%clk 0:00:06]} 28. Bc3
{[%clk 0:00:25]} Rec7 {[%clk 0:00:05]} 29. Rf3 {[%clk 0:00:12]} Na3+
{[%clk 0:00:04]} 30. Kc1 {[%clk 0:00:14]} Qa4 {[%clk 0:00:05]} 31. bxa3
{[%clk 0:00:10]} Rxc3 {[%clk 0:00:05]} 32. Qxc3 Rxc3 {[%clk 0:00:05]} 33. Rxc3
{[%clk 0:00:12]} Bxe4 {[%clk 0:00:03]} 34. Rxd6 {[%clk 0:00:11]} Bg6
{[%clk 0:00:03]} 35. h4 {[%clk 0:00:11]} h5 {[%clk 0:00:03]} 36. gxh6
{[%clk 0:00:11]} Qf4+ {[%clk 0:00:05]} 37. Kb2 {[%clk 0:00:12]} Qxh6
{[%clk 0:00:04]} 38. h5 {[%clk 0:00:14]} Qg5 {[%clk 0:00:03]} 39. hxg6
{[%clk 0:00:14]} fxg6 {[%clk 0:00:04]} 40. Rc7 {[%clk 0:00:13]} e4
{[%clk 0:00:03]} 41. Nxe4 {[%clk 0:00:14]} Qe5+ {[%clk 0:00:05]} 42. c3
{[%clk 0:00:15]} Qb5+ {[%clk 0:00:03]} 43. Kc2 {[%clk 0:00:15]} Qa4+
{[%clk 0:00:03]} 44. Kd3 {[%clk 0:00:16]} Qb5+ {[%clk 0:00:03]} 45. Kd4
{[%clk 0:00:17]} 1-0

[Event "Russian Blitz Championship (m)"]
[Site "Sochi"]
[Date "2022.10.14"]
[Round "2.17"]
[White "Uskov, Artem"]
[Black "Drygalov, Andrey"]
[Result "0-1"]
[BlackElo "2498"]
[WhiteElo "2276"]
[LiveChessVersion "1.4.8"]

1. e4 {[%clk 0:03:02]} e5 {[%clk 0:03:03]} 2. Nf3 {[%clk 0:03:01]} Nc6
{[%clk 0:03:04]} 3. Bb5 {[%clk 0:03:02]} a6 {[%clk 0:03:04]} 4. Ba4
{[%clk 0:03:01]} Bc5 {[%clk 0:03:04]} 5. O-O {[%clk 0:02:56]} Nge7
{[%clk 0:02:48]} 6. c3 {[%clk 0:02:55]} Ng6 {[%clk 0:02:08]} 7. d4
{[%clk 0:02:53]} Ba7 {[%clk 0:02:09]} 8. Be3 {[%clk 0:02:24]} O-O
{[%clk 0:02:04]} 9. d5 {[%clk 0:02:17]} Nce7 {[%clk 0:01:50]} 10. d6
{[%clk 0:02:12]} cxd6 {[%clk 0:01:49]} 11. Bxa7 {[%clk 0:02:13]} Rxa7
{[%clk 0:01:50]} 12. Qxd6 {[%clk 0:02:12]} b5 {[%clk 0:01:48]} 13. Bb3
{[%clk 0:02:04]} Nc6 {[%clk 0:01:25]} 14. Rd1 {[%clk 0:01:51]} Kh8
{[%clk 0:01:24]} 15. a4 {[%clk 0:01:47]} Rb7 {[%clk 0:00:49]} 16. Bxf7
{[%clk 0:01:09]} Rxf7 {[%clk 0:00:29]} 17. Qxc6 {[%clk 0:01:10]} bxa4
{[%clk 0:00:29]} 18. Qc4 {[%clk 0:01:04]} Rf8 {[%clk 0:00:27]} 19. Qxa4
{[%clk 0:00:46]} Rxb2 {[%clk 0:00:25]} 20. Nbd2 {[%clk 0:00:47]} Nf4
{[%clk 0:00:24]} 21. Qa3 {[%clk 0:00:40]} Rb6 {[%clk 0:00:11]} 22. Nxe5
{[%clk 0:00:35]} Re6 {[%clk 0:00:12]} 23. Nef3 {[%clk 0:00:30]} Rfe8
{[%clk 0:00:07]} 24. Qc5 {[%clk 0:00:26]} Qf6 {[%clk 0:00:08]} 25. Qg5
{[%clk 0:00:19]} Ne2+ {[%clk 0:00:08]} 26. Kf1 {[%clk 0:00:19]} Nxc3
{[%clk 0:00:08]} 27. Qxf6 {[%clk 0:00:15]} gxf6 {[%clk 0:00:08]} 28. Rdc1
{[%clk 0:00:12]} Nxe4 {[%clk 0:00:07]} 29. Nb3 {[%clk 0:00:08]} d5
{[%clk 0:00:07]} 30. Nbd4 {[%clk 0:00:09]} R6e7 {[%clk 0:00:09]} 31. h3
{[%clk 0:00:07]} Nd6 {[%clk 0:00:07]} 32. Rc6 {[%clk 0:00:08]} Ne4
{[%clk 0:00:08]} 33. Rac1 {[%clk 0:00:07]} Bb7 {[%clk 0:00:08]} 34. Rb6
{[%clk 0:00:08]} Rd7 {[%clk 0:00:07]} 35. g3 {[%clk 0:00:07]} Kg8
{[%clk 0:00:08]} 36. Rcb1 {[%clk 0:00:07]} Bc8 {[%clk 0:00:08]} 37. Rc6
{[%clk 0:00:07]} Bb7 {[%clk 0:00:09]} 38. Rcb6 {[%clk 0:00:07]} Bc8
{[%clk 0:00:10]} 39. Kg2 {[%clk 0:00:07]} Rd6 {[%clk 0:00:10]} 40. Rb8
{[%clk 0:00:06]} Kf7 {[%clk 0:00:09]} 41. Rc1 {[%clk 0:00:07]} Bd7
{[%clk 0:00:10]} 42. Rb7 {[%clk 0:00:08]} Rd8 {[%clk 0:00:06]} 43. Rcc7
{[%clk 0:00:08]} Kg8 {[%clk 0:00:06]} 44. Ra7 {[%clk 0:00:08]} Kf8
{[%clk 0:00:05]} 45. g4 {[%clk 0:00:07]} Ke8 {[%clk 0:00:04]} 46. Nf5
{[%clk 0:00:05]} Rc6 {[%clk 0:00:04]} 47. Ng7+ {[%clk 0:00:06]} Kf8
{[%clk 0:00:05]} 48. Rxc6 {[%clk 0:00:05]} Bxc6 {[%clk 0:00:05]} 49. Ne6+
{[%clk 0:00:07]} Ke8 {[%clk 0:00:07]} 50. Nxd8 {[%clk 0:00:08]} Kxd8
{[%clk 0:00:08]} 51. Rxa6 {[%clk 0:00:08]} Bb7 {[%clk 0:00:09]} 52. Ra4
{[%clk 0:00:07]} Nc5 {[%clk 0:00:09]} 53. Rf4 {[%clk 0:00:08]} Ke7
{[%clk 0:00:10]} 54. Nd4 {[%clk 0:00:08]} Kd6 {[%clk 0:00:12]} 55. Kg3
{[%clk 0:00:07]} Ke5 {[%clk 0:00:13]} 56. Nb5 {[%clk 0:00:06]} Ne4+
{[%clk 0:00:14]} 57. Kf3 {[%clk 0:00:07]} Nd2+ {[%clk 0:01:00]} 58. Ke3
{[%clk 0:00:04]} Nf1+ {[%clk 0:00:59]} 59. Kf3 {[%clk 0:00:03]} d4+
{[%clk 0:00:59]} 60. Ke2 {[%clk 0:00:03]} Kxf4 {[%clk 0:00:59]} 61. Nxd4
{[%clk 0:00:04]} Ba6+ {[%clk 0:00:45]} 62. Ke1 {[%clk 0:00:05]} Nh2
{[%clk 0:00:45]} 63. Ne6+ {[%clk 0:00:05]} Ke5 {[%clk 0:00:45]} 64. Nf8
{[%clk 0:00:05]} Nf3+ {[%clk 0:00:46]} 65. Kd1 {[%clk 0:00:06]} Bb5
{[%clk 0:00:12]} 66. Nxh7 {[%clk 0:00:04]} Ng5 {[%clk 0:00:13]} 67. Nf8 0-1